000 00674nam a2200241Ia 4500
003 OSt
005 20220918220424.0
006 a|||||r|||| 00| 0
007 ta
008 220917b |||||||| |||| 00| 0 eng d
024 _a145,991
037 _cTextual
040 _aARTS
_cARTS
_beng
041 _2eng
_aeng
082 _aY73(Q7):7:7.2, M3
100 _aImtiaz Ahmad Ed
_9137460
245 0 _aModernization and social change among the Muslims in India
260 _aNew Delhi
_bManohar India
_c1983
300 _axlix, 279p.
_ccm.
650 _aSOCIOLOGY
942 _hY73(Q7):7:7.2, M3
_cTEXL
_2CC
999 _c268753
_d268753